Các loại thuế chính phải nộp trong hoạt động kinh doanh của doanh nghiệp Những điều cần biết

Guardat en:
Dades bibliogràfiques
Autor principal: Phạm, Thị Minh Nguyệt (Tổng hợp, biên soạn)
Altres autors: Nguyễn Thị Kim Hoa (Tổng hợp, biên soạn)
Format: Llibre
Idioma:Vietnamese
Publicat: Hà Nội Hồng Đức 2020
Matèries:
Etiquetes: Afegir etiqueta
Sense etiquetes, Sigues el primer a etiquetar aquest registre!
Thư viện lưu trữ: Trung tâm Học liệu Lê Vũ Hùng, Trường Đại học Đồng Tháp
LEADER 01063aam a22002658a 4500
001 00046481
005 20210310140331.0
008 120404s2010 ||||||viesd
020 # # |a 9786049976520  |c 0 
041 0 # |a vie 
082 1 4 |a 343.597  |b C101L 
100 # # |a Phạm, Thị Minh Nguyệt  |e Tổng hợp, biên soạn 
245 1 0 |c Phạm Thị Minh Nguyệt, Nguyễn Thị Kim Hoa (tổng hợp, biên soạn)  |a Các loại thuế chính phải nộp trong hoạt động kinh doanh của doanh nghiệp  |b Những điều cần biết 
260 # # |b Hồng Đức  |c 2020  |a Hà Nội 
300 # # |a 295tr.  |c 21cm 
653 # # |a Bảo vệ môi trường 
653 # # |a Văn bản luật 
653 # # |a Thuế 
653 # # |a Doanh nghiệp 
653 # # |a Kinh doanh 
653 # # |a Quy định 
700 # # |a Nguyễn Thị Kim Hoa  |e Tổng hợp, biên soạn 
852 # # |j KM.0035068  |j KD.0027865 
910 # # |d 10/03/2021 
980 # # |a Trung tâm Học liệu Lê Vũ Hùng, Trường Đại học Đồng Tháp